logo

Bir Sreshtho Munshi Abdur Rouf Library
Jhenaidah Cadet College

আওয়ামীলীগ উত্থানপর্ব ১৯৪৮-১৯৭০ / (Record no. 11105)

MARC details
000 -LEADER
fixed length control field 00747nam a2200217 a 4500
001 - CONTROL NUMBER
JCCL Control Number 11105
003 - CONTROL NUMBER IDENTIFIER
JCCL marc code BD-JhCC
005 - DATE AND TIME OF LATEST TRANSACTION
control field 20190729192101.0
008 - FIXED-LENGTH DATA ELEMENTS--GENERAL INFORMATION
fixed length control field 190629b20162018bg a|||| ||a| 001 0 ben d
020 ## - INTERNATIONAL STANDARD BOOK NUMBER
International Standard Book Number 9789849176664
035 ## - SYSTEM CONTROL NUMBER
system control number (BD-JhCC)11105
040 ## - CATALOGING SOURCE
Original cataloging agency BD-JhCC
Modifying agency BD-JhCC
041 ## - LANGUAGE CODE
Language code of Book ben
082 ## - DEWEY DECIMAL CLASSIFICATION NUMBER
Classification number 324.25492083
Author mark and Year AHM 2018
100 ## - MAIN ENTRY--PERSONAL NAME
Personal name আহমদ, মহিউদ্দিন
245 ## - TITLE STATEMENT
Title আওয়ামীলীগ উত্থানপর্ব ১৯৪৮-১৯৭০ /
Statement of responsibility, etc মহিউদ্দিন আহমদ ।
260 ## - PUBLICATION, DISTRIBUTION, ETC. (IMPRINT)
Place of publication, distribution, etc ঢাকা:
Name of publisher, distributor, etc প্রথমা প্রকাশন;
Date of publication, distribution, etc ২০১৮.
300 ## - PHYSICAL DESCRIPTION
Pagination ২৭০ পৃঃ . :
Other physical details ill;
Dimensions ২২ সেমি.
650 ## - SUBJECT ADDED ENTRY--TOPICAL TERM
Topical term or geographic name as entry element Awami League
942 ## - ADDED ENTRY ELEMENTS (KOHA)
Source of classification or shelving scheme Dewey Decimal Classification
Koha item type Books
Holdings
Source of classification or shelving scheme Damaged status Not for loan Home library Current library Shelving location Cost, normal purchase price Total Checkouts Full call number Barcode Date last seen Copy number Koha item type
Dewey Decimal Classification     JCC Rouf Library JCC Rouf Library General Stacks 350.00   324.25492083 AHM 2018 14838 07/29/2019 C-1 Books

JCC Library | Contacts | JCC Home

Last Update on 23 September 2017
Copyright @ 2017-2020 JCC Rouf Library
Rouf Library, Jhenidah Cadet College (JCC), Bangladesh